Rimbaud - Le Dormeur du Val - Statistiques

Statistiques générales
  • Ce quiz a été pris 162 fois
  • Le résultat moyen est 61 sur 115
Statistiques - réponses
Réponse % Correct
a
91%
de
91%
il
91%
Il
91%
trou
88%
le
84%
un
83%
Un
83%
au
74%
une
74%
verdure
74%
Dort
73%
dort
73%
73%
C'est
72%
deux
71%
la
69%
trous
69%
côté
66%
rouges
66%
val
66%
droit
65%
rivière
62%
soldat
62%
dans
59%
des
56%
sa
54%
chante
52%
tête
51%
Et
49%
qui
49%
Les
48%
les
48%
Nature
47%
sur
47%
haillons
45%
petit
45%
soleil
45%
bouche
41%
herbes
41%
mousse
41%
nue
41%
rayons
41%
bleu
40%
jeune
40%
aux
39%
D'argent
39%
cresson
38%
froid
38%
Luit
38%
ne
38%
ouverte
38%
pas
38%
son
38%
vert
38%
frais
37%
enfant
36%
main
36%
comme
35%
follement
35%
Accrochant
34%
chaudement
33%
poitrine
33%
Tranquille
33%
berce-le
32%
montagne
32%
nuque
32%
somme
32%
sous
32%
fait
31%
fière
31%
lumière
28%
malade
27%
baignant
26%
glaïeuls
26%
lit
26%
narine
26%
Pâle
26%
font
25%
frissonner
25%
parfums
25%
Sourirait
24%
pleut
23%
pieds
22%
Souriant
22%
l'herbe
21%
est étendu
6%
Aucun quiz correspondant
Distribution des résultats
% des personnes avec chaque résultat
Percentile par nombre de réponses
Votre historique - résultats
Vous n’avez pas pris ce quiz